000
00270nam a2200121Ia 4500
008
190216s9999||||xx |||||||||||||| ||und||
100
_a
Kaldap Guptha
245
0
_a
Hindi-Gadya Surabi
260
_b
Anil Pusthak Kendra
300
_a
100
650
_a
Hindi
942
_c
BK
999
_c
15883
_d
15883